Housing market renewal (Record no. 106273)

MARC details
000 -LEADER
fixed length control field 01017cam a2200193 4500
001 - CONTROL NUMBER
control field L135990
008 - FIXED-LENGTH DATA ELEMENTS--GENERAL INFORMATION
fixed length control field 061221n2006 000 0 eng u
035 ## - SYSTEM CONTROL NUMBER
System control number (Sirsi) u135990
041 0# - LANGUAGE CODE
Language code of text/sound track or separate title eng
110 1# - MAIN ENTRY--CORPORATE NAME
Corporate name or jurisdiction name as entry element United Kingdom
Subordinate unit Audit Commission
9 (RLIN) 3863
245 00 - TITLE STATEMENT
Title Housing market renewal
260 ## - PUBLICATION, DISTRIBUTION, ETC.
Place of publication, distribution, etc. Audit Commission
Date of publication, distribution, etc. 2006
520 ## - SUMMARY, ETC.
Summary, etc. The government's Housing Market Renewal Programme has been in place for over four years, tackling the problem of declining demand for housing in the North and Midlands. This report reviews the progress pathfinders are making, explores some of the emerging issues and looks forward to the challenges and policy changes of a developing government agenda.
590 ## - LOCAL NOTE (RLIN)
Local note KA
651 #4 - SUBJECT ADDED ENTRY--GEOGRAPHIC NAME
Geographic name United Kingdom
Chronological subdivision
690 ## - LOCAL SUBJECT ADDED ENTRY--TOPICAL TERM (OCLC, RLIN)
Topical term or geographic name as entry element PROPERTY-RESIDENTIAL PROPERTY-RESIDENTIAL PROPERTY MARKET
856 40 - ELECTRONIC LOCATION AND ACCESS
Uniform Resource Identifier <a href="https://www.audit-commission.gov.uk/SiteCollectionDocuments/Downloads/Housing%20Annual%20Review%202006.pdf">https://www.audit-commission.gov.uk/SiteCollectionDocuments/Downloads/Housing%20Annual%20Review%202006.pdf</a>
Public note View the report free of charge at www.audit-commission.gov.uk...
942 ## - ADDED ENTRY ELEMENTS (KOHA)
Suppress in OPAC 0
Holdings
Withdrawn status Lost status Source of classification or shelving scheme Damaged status Not for loan Home library Current library Shelving location Date acquired Total Checkouts Full call number Barcode Date last seen Copy number Price effective from Koha item type
    Dewey Decimal Classification     Virtual Virtual Online 21/12/2006   ONLINE PUBLICATION 135990-1001 06/08/2019 1 06/08/2019 Book